| 000 | 00678nam a2200229 u 4500 | ||
|---|---|---|---|
| 005 | 20220909173956.0 | ||
| 008 | 130826s2006 ag r 000 0 spa d | ||
| 020 | _a9879011805 (10 dígitos) | ||
| 020 | _a9789879011805 (13 dígitos) | ||
| 035 | _aUPN01000192450 | ||
| 049 | _aCG | ||
| 050 | 4 |
_aPQ7392 LL3.6 _bP3.7 |
|
| 100 | 1 |
_aLlanes, Julio Manuel, _d1948- _934283 |
|
| 245 | 1 | 0 |
_aPaquelé / _cJulio M. Llanes ; il. Xulian. |
| 260 |
_aBuenos Aires : _bDel Eclipse, _c2006. |
||
| 300 |
_a157 p. : _bil. |
||
| 440 | 0 | _aNovelas del eclipse | |
| 650 | 7 |
_aLiteratura juvenil cubana _2 _914871 |
|
| 905 | _aLibro | ||
| 999 |
_c164552 _d164552 |
||